|
|
|
|
| LEADER |
02084nam a2200265 a 4500 |
| 001 |
GR-MES16106 |
| 008 |
131213s2002 gr g 001 0 gre|c |
| 020 |
|
|
|a 9608050847
|
| 040 |
|
|
|a GrPaTEI
|b gre
|c GR-PaULI
|
| 082 |
|
0 |
|a 658.4034
|2 21
|
| 100 |
1 |
|
|a Κώστογλου, Βασίλειος Ι.
|
| 245 |
1 |
0 |
|a Επιχειρησιακή έρευνα :
|b μεθοδολογία εφαρμογές και προβλήματα, πληροφοριακά συστήματα διοίκησης /
|c Βασίλης Κώστογλου.
|
| 260 |
|
|
|a Αθήνα :
|b Τζιόλας,
|c 2002.
|
| 300 |
|
|
|a 459 σ. :
|b είκ., πίν.
|
| 500 |
|
|
|a Περιλαμβάνει ευρετήριο.
|
| 500 |
|
|
|a Σύστημα "ΕΥΔΟΞΟΣ": αρ. εισ. 26073, 26074, 26732, 26733, 26734, 26876
|
| 650 |
|
4 |
|a Επιχειρησιακή έρευνα
|
| 942 |
|
|
|2 ddc
|
| 952 |
|
|
|0 0
|1 0
|2 ddc
|4 0
|6 658_403400000000000_ΚΩΣ
|7 0
|9 274013
|a MSLG
|b MSLG
|c EUD
|d 2021-01-17
|e 24
|f 1
|g 0.00
|i 26073
|l 0
|o 658.4034 ΚΩΣ
|p 2420000026073
|q 2017-09-29
|r 2021-01-17 00:00:00
|t 1
|w 2021-01-17
|y BK15
|x 20131213 0 ΧΑΣΑΝΗ 1
|x GrPaTEI
|
| 952 |
|
|
|0 0
|1 0
|2 ddc
|4 0
|6 658_403400000000000_ΚΩΣ
|7 0
|9 274015
|a MSLG
|b MSLG
|c EUD
|d 2021-01-17
|e 24
|f 0
|g 0.00
|i 26732
|l 0
|o 658.4034 ΚΩΣ
|p 2420000026732
|r 2021-01-17 00:00:00
|t 2
|w 2021-01-17
|y BK15
|x 20131213 0 ΧΑΣΑΝΗ 1
|x GrPaTEI
|
| 952 |
|
|
|0 0
|1 0
|2 ddc
|4 0
|6 658_403400000000000_ΚΩΣ
|7 0
|9 274016
|a MSLG
|b MSLG
|c EUD
|d 2021-01-17
|e 24
|f 0
|g 0.00
|i 26733
|l 0
|o 658.4034 ΚΩΣ
|p 2420000026733
|r 2021-01-17 00:00:00
|t 3
|w 2021-01-17
|y BK15
|x 20131213 0 ΧΑΣΑΝΗ 1
|x GrPaTEI
|
| 952 |
|
|
|0 0
|1 0
|2 ddc
|4 0
|6 658_403400000000000_ΚΩΣ
|7 0
|9 274017
|a MSLG
|b MSLG
|c EUD
|d 2021-01-17
|e 24
|f 0
|g 0.00
|i 26734
|l 0
|o 658.4034 ΚΩΣ
|p 2420000026734
|r 2021-01-17 00:00:00
|t 4
|v 2021.00
|w 2021-01-17
|y BK15
|x 20131213 0 ΧΑΣΑΝΗ 0
|x GrPaTEI
|
| 952 |
|
|
|0 0
|1 0
|2 ddc
|4 0
|6 658_403400000000000_ΚΩΣ
|7 0
|9 274018
|a MSLG
|b MSLG
|c EUD
|d 2021-01-17
|e 24
|f 1
|g 0.00
|i 26876
|l 0
|o 658.4034 ΚΩΣ
|p 2420000026876
|r 2021-01-17 00:00:00
|t 5
|v 2021.00
|w 2021-01-17
|y BK15
|x 20131213 0 ΧΑΣΑΝΗ 0
|x GrPaTEI
|
| 971 |
|
|
|a .b25821556
|b 16-04-20
|c 13-09-16
|
| 999 |
|
|
|c 158578
|d 158578
|